الموسوعة الجنائية الشاملة الميسرة : (Record no. 27093)
[ view plain ]
| 000 -الفاتح | |
|---|---|
| حقل البيانات ثابتة الطول | 02310nam a22003135i 4500 |
| 003 - محدد رقم الضبط | |
| رقم الضبط | EG-ScBUE |
| 005 - وقت وتاريخ اخر تعامل مع التسجيلة | |
| رقم الضبط | 20201020100147.0 |
| 008 - عناصر البيانات ثابتة الطول - معلومات عامة | |
| حقل البيانات ثابتة الطول | 190206s2013 ua f be 000 0 ara d |
| 040 ## - مصدر الفهرسة | |
| وكالة الفهرسة الأصلية | EG-ScBUE |
| لغة الفهرسة | ara |
| قواعد الوصف | rda |
| وكالة النسخ | EG-ScBUE |
| وكالة التعديل | EG-ScBUE |
| 043 ## - رمز المنطقة الجغرافية | |
| رمز المنطقة الجغرافية | f-ua--- |
| 082 04 - رقم تصنيف ديوى العشرى | |
| رقم التصنيف | 345.62 |
| رقم المادة | س ك ي |
| رقم الطبعة | 22 |
| 100 1# - المدخل الرئيسى - إسم شخصى | |
| الإسم الشخصى | سكيكر، محمد علي. |
| 245 12 - بيان العنوان | |
| العنوان | الموسوعة الجنائية الشاملة الميسرة : |
| بقية العنوان | عقوبات، تشريعات جنائية خاصة، إجراءات جنائية، قيود و أوصاف / |
| بيان المسئوليه,etc | محمد علي سكيكر، رئيس محكمة الاستئناف. |
| 300 ## - الوصف المادى | |
| التعداد | 3 مجلدات ؛ |
| أبعاد الوعاء | 24 سم |
| 336 ## - نوع المحتوى | |
| Carrier Type Term | نص |
| Content Type Code | txt |
| source | rdacontent |
| 337 ## - نوع الوسيط | |
| Media Type Term | بدون وسيط |
| Media Type Code | n |
| source | rdamedia |
| 338 ## - نوع الحامل أو الناقل | |
| Carrier Type Term | مجلد |
| Carrier Type Code | nc |
| source | rdacarrier |
| 504 ## - تبصرة ببليوجرافية | |
| تبصرة ببليوجرافية,الخ | يشتمل على إرجاعات ببليوجرافية. |
| 505 0# - تبصرة محتويات-الفهرس | |
| تبصرة المحتويات المصاغة | مجلد 1. أ، ب، ت -- مجلد 2. الحروف من ج حتى ط -- مجلد 3. الحروف من ع حتى ي. |
| 520 ## - التبصرة الخاصة بالتعليق أو التلخيص | |
| ملخص,الخ | شرح كافة الجرائم الواردة في قانون العقوبات و التشريعات الجنائية الخاصة مع بيان القيود و الأوصاف الخاصة بكل جريمة معلقا عليها بأحدث إصدار من احكام محكمة النقض و المحكمة الدستورية العليا - شرح كافة موضوعات قانون العقوبات : القسم العام معلقا عليها بأحكام محكمة النقض - شرح كافة موضوعات قانون الإجراءات الجنائية معلقا عليها بأحدث أحكام محكمة النقض والمحكمة الدستورية العليا - ما ورد في التعليمات العامة للنيابات و ما صدر من كتب دورية من المستشار النائب العام - نماذج إجراءات الدعوى الجنائية. |
| 541 ## - تبصرة المصدر المباشر للتزويد | |
| مصدر التزويد | دكتور أحمد حمد ؛ |
| طريقة التزويد | إهداء ؛ |
| 610 17 - المدخل الاضافى بالموضوع-اسم هيئة | |
| اسم الهيئة أو اسم السلطة كمدخل | مصر. |
| وحده ملحقة | محكمة النقض. |
| مصدر الرأس أو المصطلح | BUEsh |
| 9 (RLIN) | 40940 |
| 610 17 - المدخل الاضافى بالموضوع-اسم هيئة | |
| اسم الهيئة أو اسم السلطة كمدخل | مصر. |
| وحده ملحقة | المحكمة الدستورية العليا. |
| مصدر الرأس أو المصطلح | BUEsh |
| 9 (RLIN) | 41178 |
| 650 #7 - المدخل الاضافى بالموضوع-مصطلح موضوعى | |
| مصطلح موضوعي أو اسم جغرافي كعنصر مدخل | قانون العقوبات |
| التقسيم الفرعي الجغرافي | مصر. |
| مصدر الرأس أو المصطلح | BUEsh |
| 9 (RLIN) | 41137 |
| 650 #7 - المدخل الاضافى بالموضوع-مصطلح موضوعى | |
| مصطلح موضوعي أو اسم جغرافي كعنصر مدخل | قانون الإجراءات الجنائية |
| التقسيم الفرعي الجغرافي | مصر. |
| مصدر الرأس أو المصطلح | BUEsh |
| 9 (RLIN) | 41140 |
| 651 ## - المدخل الاضافى بالموضوع - اسم جغرافى | |
| مصدر الرأس أو المصطلح | BUEsh |
| 653 ## - مصطلح تكشيفى غير مقيد | |
| Resource For college | Law |
| Arrived date list | February2019 |
| 942 ## - عناصر المدخل الإضافي( كوها) | |
| مصدر التصنيف او مخطط الترفيف | Dewey Decimal Classification |
| حالة التراجع | حالة الفقد | مصدر التصنيف او خطة الترفيف | حالة تلف | ليس للاعارة | مجموعات كوها | المكان الدائم | المكان الحالي | موقع الترفيف | تاريخ الاكتساب | Source of acquisition | رقم الاستدعاء | الباركود | Date last seen | تبصرة غير عامة( المفوع للعناصر المفقوده) | نوع الوعاء | تبصرة عامة |
|---|---|---|---|---|---|---|---|---|---|---|---|---|---|---|---|---|
| Dewey Decimal Classification | Donation-Gift | Central Library | Central Library | First floor | 07/02/2019 | Donation | 345.62 س ك ي | 000044157 | 16/10/2024 | إهداء من د. أحمد حمد | Reference (NB) | مج. 3 | ||||
| Dewey Decimal Classification | Donation-Gift | Central Library | Central Library | First floor | 07/02/2019 | Donation | 345.62 س ك ي | 000044158 | 15/07/2025 | إهداء من د. أحمد حمد | Reference (NB) | مج. 1 | ||||
| Dewey Decimal Classification | Donation-Gift | Central Library | Central Library | First floor | 20/10/2020 | Donation | 345.62 س ك ي | 000049889 | 15/07/2025 | إهداء من د. أحمد حمد | Reference (NB) | مج. 2 |